[Event "British Columbia-ch"]
[Site "Vancouver CAN"]
[Date "2016.10.09"]
[Round "4.2"]
[White "Doknjas, Joshua"]
[Black "Sohal, Tanraj"]
[Result "1-0"]
[WhiteElo "2215"]
[BlackElo "2393"]
[PlyCount "153"]
[EventDate "2016.10.07"]
[EventType "tourn"]
[EventRounds "7"]
[EventCountry "CAN"]

1. e4 e6 2. d4 d5 3. Nc3 Nf6 4. Bg5 Bb4 5. e5 h6 6. Bc1 Ne4 7. Qg4 g6 8. Nge2
c5 9. a3 Bxc3+ 10. Nxc3 Nxc3 11. bxc3 Qa5 12. Bd2 Qa4 13. Bd3 c4 14. Be2 Qxc2
15. Qf4 Nc6 16. O-O Bd7 17. Rfb1 O-O-O 18. Bd1 Qf5 19. Qe3 g5 20. Rb2 Qg6 21.
Bc2 f5 22. exf6 Qxf6 23. Qg3 Rhf8 24. Be3 Rde8 25. Rab1 b6 26. Rb5 Qd8 27. f4
gxf4 28. Bxf4 Qf6 29. Be3 Rg8 30. Qf4 Qxf4 31. Bxf4 e5 32. dxe5 Nxe5 33. Rxd5
Bc6 34. Bf5+ Kb7 35. Be4 Rg4 36. Rxe5 Bxe4 37. Rxe8 Bxb1 38. Bxh6 Be4 39. g3
Kc6 40. Bf4 Bd3 41. Re5 a5 42. Kf2 Rg8 43. h4 b5 44. Re6+ Kc5 45. Be3+ Kd5 46.
Ra6 Rf8+ 47. Bf4 a4 48. Rb6 Kc5 49. Re6 Rf5 50. Ke3 Kd5 51. Re8 Bb1 52. g4 Rf7
53. Re5+ Kc6 54. h5 Rd7 55. Re6+ Kc5 56. Re5+ Kc6 57. Ke2 Rd3 58. Re3 Kd5 59.
g5 Rxe3+ 60. Kxe3 Bc2 61. g6 Ke6 62. Bg5 Ke5 63. Bf4+ Kf6 64. Kd4 Kg7 65. Kc5
Bd1 66. Be5+ Kh6 67. Kxb5 Bxh5 68. g7 Bf7 69. Kxa4 Kg6 70. Kb5 Kf5 71. Bd4 Ke6
72. Kb6 Kd7 73. a4 Kc8 74. Be5 Bd5 75. a5 Bg8 76. a6 Bd5 77. a7 1-0

[Event "British Columbia-ch"]
[Site "Vancouver CAN"]
[Date "2016.10.09"]
[Round "4.3"]
[White "Doknjas, John"]
[Black "Cao, Jason"]
[Result "1/2-1/2"]
[WhiteElo "2292"]
[BlackElo "2400"]
[PlyCount "76"]
[EventDate "2016.10.07"]
[EventType "tourn"]
[EventRounds "7"]
[EventCountry "CAN"]

1. d4 Nf6 2. c4 g6 3. Nc3 d5 4. cxd5 Nxd5 5. Na4 Bg7 6. e4 Nb6 7. Be3 Nc6 8.
Bb5 Nxa4 9. Qxa4 Bd7 10. Ne2 a6 11. Bxc6 Bxc6 12. Qc2 Qd6 13. O-O O-O 14. Rfd1
Rfd8 15. Rac1 e6 16. f3 Rac8 17. Nc3 Qb4 18. a3 Qe7 19. Na4 Bxa4 20. Qxa4 c5
21. dxc5 Bxb2 22. Rb1 Rxd1+ 23. Rxd1 Rd8 24. Rxd8+ Qxd8 25. Qb3 Bd4 26. Qd3
Bxe3+ 27. Qxe3 Qd1+ 28. Kf2 Qc2+ 29. Kg3 e5 30. h3 a5 31. Kh2 a4 32. Kg3 Kg7
33. h4 h5 34. Kh3 Kf6 35. Qg5+ Ke6 36. Qd8 Qxc5 37. Qe8+ Kf6 38. Qxa4 b6
1/2-1/2

[Event "British Columbia-ch"]
[Site "Vancouver CAN"]
[Date "2016.10.09"]
[Round "4.4"]
[White "Gentes, Kevin"]
[Black "Morozov, Grigory"]
[Result "1/2-1/2"]
[WhiteElo "2350"]
[BlackElo "2368"]
[PlyCount "77"]
[EventDate "2016.10.07"]
[EventType "tourn"]
[EventRounds "7"]
[EventCountry "CAN"]

1. Nf3 d5 2. d4 c6 3. c4 e6 4. g3 Nf6 5. Bg2 Nbd7 6. Qb3 Bd6 7. Nc3 O-O 8. Bf4
Qc7 9. Bxd6 Qxd6 10. Rd1 dxc4 11. Qxc4 e5 12. O-O exd4 13. Nxd4 Nb6 14. Qb3 Qe5
15. h3 Qh5 16. g4 Qc5 17. Ne4 Qe7 18. Ng3 Nfd5 19. Qf3 Nc4 20. Ngf5 Bxf5 21.
Nxf5 Qe5 22. b3 Ncb6 23. e3 Nc3 24. Rd2 Rad8 25. Rc2 Rd7 26. e4 Nb5 27. Qe3 Nd4
28. Nxd4 Qxd4 29. Qxd4 Rxd4 30. f4 f6 31. h4 h6 32. h5 Rfd8 33. Re2 a5 34. e5
Nd5 35. Bxd5+ R4xd5 36. exf6 gxf6 37. Kg2 Kf7 38. Rfe1 R8d7 39. Kf3 1/2-1/2

[Event "British Columbia-ch"]
[Site "Vancouver CAN"]
[Date "2016.10.09"]
[Round "5.1"]
[White "Morozov, Grigory"]
[Black "Kenney, Jason"]
[Result "1-0"]
[WhiteElo "2368"]
[BlackElo "2204"]
[PlyCount "107"]
[EventDate "2016.10.07"]
[EventType "tourn"]
[EventRounds "7"]
[EventCountry "CAN"]

1. d4 Nf6 2. c4 g6 3. Nc3 Bg7 4. e4 d6 5. Nf3 O-O 6. Be2 e5 7. dxe5 dxe5 8.
Qxd8 Rxd8 9. Bg5 Re8 10. Nd5 Nxd5 11. cxd5 c6 12. Bc4 cxd5 13. Bxd5 Nd7 14. Rc1
Nb6 15. Bb3 Be6 16. Bxe6 Rxe6 17. Ke2 f6 18. Be3 Rae8 19. Rc7 R6e7 20. Rhc1 Kf7
21. Nd2 Bf8 22. b3 Rxc7 23. Rxc7+ Re7 24. Rxe7+ Kxe7 25. Bc5+ Ke8 26. Bxb6 axb6
27. a4 Kd7 28. Kd3 Bb4 29. Nb1 Bc5 30. f3 b5 31. axb5 Bg1 32. h3 Ke6 33. Nc3 h5
34. g4 h4 35. Nd5 b6 36. f4 exf4 37. Nxf4+ Kf7 38. Kc4 Be3 39. Nd5 Bf2 40. Nc7
f5 41. gxf5 gxf5 42. Kd5 fxe4 43. Kxe4 Ke7 44. Kd5 Kf6 45. Kc6 Kf5 46. Nd5 Ke4
47. Nxb6 Kf3 48. Nc4 Kg2 49. b6 Bxb6 50. Kxb6 Kxh3 51. Ne3 Kh2 52. Kc5 h3 53.
Kd4 Kg3 54. Ke4 1-0

[Event "British Columbia-ch"]
[Site "Vancouver CAN"]
[Date "2016.10.09"]
[Round "5.2"]
[White "Cao, Jason"]
[Black "Gentes, Kevin"]
[Result "1/2-1/2"]
[WhiteElo "2400"]
[BlackElo "2350"]
[PlyCount "58"]
[EventDate "2016.10.07"]
[EventType "tourn"]
[EventRounds "7"]
[EventCountry "CAN"]

1. e4 e6 2. d4 d5 3. Nd2 Nf6 4. e5 Nfd7 5. f4 c5 6. c3 Nc6 7. Ndf3 Qb6 8. g3
cxd4 9. cxd4 f5 10. h3 Be7 11. g4 O-O 12. gxf5 exf5 13. Ne2 Rd8 14. h4 Nf8 15.
h5 Ne6 16. Bh3 Rf8 17. Qd3 Nb4 18. Qb3 Qa6 19. Kf2 Bd7 20. Nc3 Bc6 21. Be3 Qc4
22. Bf1 Qxb3 23. axb3 a6 24. Be2 Rac8 25. Rac1 b5 26. Ne1 Bd8 27. Nd3 Nxd3+ 28.
Bxd3 Bb6 29. Ne2 Bd7 1/2-1/2

[Event "British Columbia-ch"]
[Site "Vancouver CAN"]
[Date "2016.10.09"]
[Round "5.3"]
[White "Sohal, Tanraj"]
[Black "Doknjas, John"]
[Result "1/2-1/2"]
[WhiteElo "2393"]
[BlackElo "2292"]
[PlyCount "23"]
[EventDate "2016.10.07"]
[EventType "tourn"]
[EventRounds "7"]
[EventCountry "CAN"]

1. d4 Nf6 2. Nf3 e6 3. Nc3 d5 4. Bf4 a6 5. e3 c5 6. Be2 Nc6 7. O-O cxd4 8. exd4
Bd6 9. Bxd6 Qxd6 10. a3 O-O 11. Bd3 Bd7 12. Re1 1/2-1/2

[Event "British Columbia-ch"]
[Site "Vancouver CAN"]
[Date "2016.10.09"]
[Round "5.4"]
[White "Salcedo, Daniel"]
[Black "Doknjas, Joshua"]
[Result "1/2-1/2"]
[WhiteElo "1996"]
[BlackElo "2215"]
[PlyCount "55"]
[EventDate "2016.10.07"]
[EventType "tourn"]
[EventRounds "7"]
[EventCountry "CAN"]

1. d4 d5 2. c4 c6 3. Nf3 Nf6 4. Nc3 dxc4 5. a4 Bf5 6. e3 e6 7. Bxc4 Bb4 8. O-O
O-O 9. Na2 Ba5 10. b4 Bc7 11. h3 Be4 12. Ng5 Bd5 13. Bxd5 exd5 14. Qb3 Qd6 15.
f4 Nbd7 16. Nf3 Qe7 17. Nc3 a6 18. Qc2 Rfc8 19. Rb1 Bd6 20. Qb3 Nb6 21. Ne5 Qe6
22. a5 Nbd7 23. Na4 Rab8 24. Qd3 Qe7 25. Bd2 Bc7 26. Nc5 Bd8 27. Be1 Qe8 28.
Bh4 1/2-1/2

[Event "British Columbia-ch"]
[Site "Vancouver CAN"]
[Date "2016.10.10"]
[Round "6.1"]
[White "Kenney, Jason"]
[Black "Doknjas, Joshua"]
[Result "1/2-1/2"]
[WhiteElo "2204"]
[BlackElo "2215"]
[PlyCount "56"]
[EventDate "2016.10.07"]
[EventType "tourn"]
[EventRounds "7"]
[EventCountry "CAN"]

1. e4 c5 2. Nf3 d6 3. Bb5+ Nd7 4. O-O a6 5. Bd3 Ngf6 6. Re1 Qc7 7. c3 Ne5 8.
Bf1 Nxf3+ 9. Qxf3 g6 10. d4 Bg7 11. h3 O-O 12. Be3 b6 13. Nd2 Bb7 14. Bd3 Nd7
15. Qg3 e5 16. Nf3 Rae8 17. Qh4 c4 18. Bc2 f5 19. dxe5 dxe5 20. Bg5 f4 21. Rad1
Nc5 22. Rd2 h5 23. b4 cxb3 24. Bxb3+ Nxb3 25. axb3 Re6 26. c4 Bc6 27. Red1 a5
28. Bd8 Qb8 1/2-1/2

[Event "British Columbia-ch"]
[Site "Vancouver CAN"]
[Date "2016.10.10"]
[Round "6.2"]
[White "Doknjas, John"]
[Black "Salcedo, Daniel"]
[Result "1/2-1/2"]
[WhiteElo "2292"]
[BlackElo "1996"]
[PlyCount "41"]
[EventDate "2016.10.07"]
[EventType "tourn"]
[EventRounds "7"]
[EventCountry "CAN"]

1. d4 Nf6 2. c4 g6 3. Nc3 Bg7 4. e4 d6 5. Nf3 O-O 6. h3 e5 7. d5 Na6 8. Bg5 h6
9. Be3 c5 10. Nd2 Bd7 11. Be2 Rb8 12. O-O Ne8 13. f4 exf4 14. Bxf4 Nac7 15. a4
Qe7 16. Qc2 Na6 17. Na2 f5 18. Bh2 g5 19. Rae1 f4 20. b3 Be5 21. Qd3 1/2-1/2

[Event "British Columbia-ch"]
[Site "Vancouver CAN"]
[Date "2016.10.10"]
[Round "6.3"]
[White "Gentes, Kevin"]
[Black "Sohal, Tanraj"]
[Result "1/2-1/2"]
[WhiteElo "2350"]
[BlackElo "2393"]
[PlyCount "92"]
[EventDate "2016.10.07"]
[EventType "tourn"]
[EventRounds "7"]
[EventCountry "CAN"]

1. Nf3 Nf6 2. c4 e6 3. Nc3 d5 4. d4 Nbd7 5. Bg5 Be7 6. e3 O-O 7. Qc2 a6 8. cxd5
exd5 9. Bd3 Re8 10. O-O c6 11. h3 g6 12. Bf4 Nf8 13. Na4 Ne6 14. Bh2 Ng7 15.
Qb3 b5 16. Nc3 Bf5 17. Ne5 Bxd3 18. Nxd3 Nd7 19. Rac1 Ne6 20. Nb1 Qb6 21. Nd2
Bf8 22. Nf3 Bg7 23. Rc2 a5 24. Rfc1 Rac8 25. Nfe5 Nxe5 26. Nxe5 Bxe5 27. Bxe5
Nf8 28. Qd3 Nd7 29. Bf4 Re6 30. f3 a4 31. Qa3 Rce8 32. Qb4 Kg7 33. Re2 h6 34.
Rce1 g5 35. Bg3 f5 36. Bf2 Nf6 37. Qd2 Nh5 38. g4 fxg4 39. hxg4 Nf6 40. Bg3 Nd7
41. Kg2 Qd8 42. Qd3 Qe7 43. Bf2 Nf6 44. Bg3 Nd7 45. Bf2 Nf6 46. Bg3 Nd7 1/2-1/2

[Event "British Columbia-ch"]
[Site "Vancouver CAN"]
[Date "2016.10.10"]
[Round "6.4"]
[White "Morozov, Grigory"]
[Black "Cao, Jason"]
[Result "0-1"]
[WhiteElo "2368"]
[BlackElo "2400"]
[PlyCount "64"]
[EventDate "2016.10.07"]
[EventType "tourn"]
[EventRounds "7"]
[EventCountry "CAN"]

1. d4 Nf6 2. c4 g6 3. Nc3 d5 4. Bf4 Bg7 5. e3 c5 6. dxc5 Qa5 7. Qa4+ Qxa4 8.
Nxa4 Bd7 9. Nc3 Ne4 10. Nxd5 Na6 11. f3 Nexc5 12. Rb1 e6 13. Nc7+ Nxc7 14. Bxc7
Na4 15. b3 Nc3 16. Rc1 Nxa2 17. Rd1 a5 18. Ne2 a4 19. bxa4 Rxa4 20. Nd4 O-O 21.
Bd3 Rc8 22. Bd6 Nc3 23. Rc1 b5 24. c5 Bxd4 25. exd4 Rxd4 26. Be2 b4 27. Be7 e5
28. Rc2 Bf5 29. Rd2 b3 30. Bd6 Nxe2 31. Bxe5 Rxd2 32. Kxd2 Rxc5 0-1

[Event "British Columbia-ch"]
[Site "Vancouver CAN"]
[Date "2016.10.10"]
[Round "7.1"]
[White "Cao, Jason"]
[Black "Kenney, Jason"]
[Result "1-0"]
[WhiteElo "2400"]
[BlackElo "2204"]
[PlyCount "51"]
[EventDate "2016.10.07"]
[EventType "tourn"]
[EventRounds "7"]
[EventCountry "CAN"]

1. e4 c5 2. Nf3 e6 3. d4 cxd4 4. Nxd4 Nc6 5. Nc3 Qc7 6. f4 d6 7. Be3 Nf6 8. Qf3
a6 9. O-O-O Be7 10. g4 h6 11. Rg1 Bd7 12. Nxc6 Bxc6 13. g5 hxg5 14. fxg5 Nd7
15. g6 f5 16. Qg3 Bxe4 17. Nxe4 fxe4 18. Bh3 Nf8 19. Rgf1 Bh4 20. Qf4 Nxg6 21.
Qxe4 Ne5 22. Bxe6 Bf6 23. Bd4 Rh4 24. Qf5 Rxd4 25. Rxd4 Qb6 26. Rfd1 1-0

[Event "British Columbia-ch"]
[Site "Vancouver CAN"]
[Date "2016.10.10"]
[Round "7.2"]
[White "Sohal, Tanraj"]
[Black "Morozov, Grigory"]
[Result "1/2-1/2"]
[WhiteElo "2393"]
[BlackElo "2368"]
[PlyCount "31"]
[EventDate "2016.10.07"]
[EventType "tourn"]
[EventRounds "7"]
[EventCountry "CAN"]

1. e4 e6 2. d4 d5 3. Nc3 Bb4 4. e5 Qd7 5. a3 Bf8 6. Nf3 b6 7. Bb5 c6 8. Ba4 Ba6
9. Ne2 Bb5 10. Bb3 c5 11. c3 a5 12. O-O a4 13. Bc2 Nc6 14. Re1 Na5 15. Nf4 g6
16. Rb1 1/2-1/2

[Event "British Columbia-ch"]
[Site "Vancouver CAN"]
[Date "2016.10.10"]
[Round "7.3"]
[White "Salcedo, Daniel"]
[Black "Gentes, Kevin"]
[Result "0-1"]
[WhiteElo "1996"]
[BlackElo "2350"]
[PlyCount "76"]
[EventDate "2016.10.07"]
[EventType "tourn"]
[EventRounds "7"]
[EventCountry "CAN"]

1. d4 Nf6 2. Nf3 e6 3. Bg5 d5 4. e3 Be7 5. c4 O-O 6. Nc3 h6 7. Bh4 b6 8. Bd3
Bb7 9. O-O Nbd7 10. cxd5 Nxd5 11. Bxe7 Qxe7 12. Rc1 c5 13. a3 Rfd8 14. Qe2 Rab8
15. Ba6 Ba8 16. Nb5 N7f6 17. Ne5 Ne4 18. f4 f6 19. Nc4 Nc7 20. Nxc7 Qxc7 21.
Nd2 Nxd2 22. Qxd2 b5 23. a4 Qb6 24. Bxb5 cxd4 25. Bd3 dxe3 26. Qe2 Qxb2 27. Rc2
Qd4 28. Bc4 Bd5 29. Bxd5 Rxd5 30. h3 Kh8 31. Rf3 Qxa4 32. Rxe3 Qxf4 33. g3 Qf5
34. Kh2 e5 35. Rf3 Qd7 36. Rfc3 Rd8 37. Qe3 Rd2+ 38. Rxd2 Qxd2+ 0-1

[Event "British Columbia-ch"]
[Site "Vancouver CAN"]
[Date "2016.10.10"]
[Round "7.4"]
[White "Doknjas, Joshua"]
[Black "Doknjas, John"]
[Result "1/2-1/2"]
[WhiteElo "2215"]
[BlackElo "2292"]
[PlyCount "75"]
[EventDate "2016.10.07"]
[EventType "tourn"]
[EventRounds "7"]
[EventCountry "CAN"]

1. e4 c5 2. Nf3 b6 3. d4 cxd4 4. Nxd4 Bb7 5. Nc3 a6 6. Bg5 Qc7 7. Bd3 e6 8. O-O
Nc6 9. Nxc6 dxc6 10. f4 Nf6 11. Qe1 Be7 12. e5 Nd5 13. Bxe7 Qxe7 14. Ne4 O-O
15. c4 Nb4 16. Bb1 Rad8 17. Qg3 c5 18. a3 Rd4 19. Nf6+ Kh8 20. Qh3 h6 21. axb4
Rd2 22. Be4 cxb4 23. Bxb7 Qxb7 24. Ng4 Qe4 25. Qf3 Qxc4 26. Rf2 Rfd8 27. Ne3
Qb3 28. Nf1 Rxb2 29. Qxb3 Rxb3 30. Rxa6 b5 31. Rb6 Rd5 32. Rd2 Rc5 33. Kf2 Rb1
34. Ne3 b3 35. Nd1 g5 36. g3 Kg7 37. Ke1 Kg6 38. Rb7 1/2-1/2

[Event "British Columbia-ch U20"]
[Site "Richmond CAN"]
[Date "2016.11.11"]
[Round "1.1"]
[White "Doknjas, John"]
[Black "Qu, Leo"]
[Result "1-0"]
[WhiteElo "2282"]
[BlackElo "1846"]
[PlyCount "51"]
[EventDate "2016.11.11"]
[EventType "swiss"]
[EventRounds "5"]
[EventCountry "CAN"]

1. d4 e6 2. c4 f5 3. g3 Nf6 4. Bg2 Be7 5. Nh3 O-O 6. O-O d6 7. b3 Qe8 8. Bb2
Ng4 9. Nf4 g5 10. Nd3 c6 11. h3 Nh6 12. Nd2 Bf6 13. e4 f4 14. e5 dxe5 15. dxe5
Be7 16. g4 Na6 17. Ne4 b6 18. Nf6+ Bxf6 19. exf6 Nf7 20. Qe2 Bb7 21. Rfe1 Rd8
22. Rad1 Bc8 23. Ne5 Nb8 24. Rxd8 Qxd8 25. Nxf7 Kxf7 26. Qe5 1-0

[Event "British Columbia-ch U20"]
[Site "Richmond CAN"]
[Date "2016.11.11"]
[Round "1.2"]
[White "Zheng, Victor"]
[Black "Doknjas, Joshua"]
[Result "1/2-1/2"]
[WhiteElo "1822"]
[BlackElo "2236"]
[PlyCount "54"]
[EventDate "2016.11.11"]
[EventType "swiss"]
[EventRounds "5"]
[EventCountry "CAN"]

1. Nf3 c5 2. g3 g6 3. Bg2 Bg7 4. O-O Nc6 5. c4 e5 6. Nc3 d6 7. d3 Nge7 8. a3
O-O 9. Rb1 a5 10. e3 Rb8 11. Qc2 f5 12. Rd1 f4 13. exf4 Bg4 14. Ne2 Qd7 15. Re1
Bh6 16. Ng5 Bxg5 17. fxg5 Bf3 18. Be3 Bxg2 19. Kxg2 Qg4 20. Ng1 Nf5 21. Qe2
Nxe3+ 22. Qxe3 Nd4 23. Qe4 Qxg5 24. Qd5+ Rf7 25. Qxd6 Rbf8 26. Qd5 Qd2 27. Nh3
Qxd3 1/2-1/2

[Event "British Columbia-ch U20"]
[Site "Richmond CAN"]
[Date "2016.11.11"]
[Round "1.3"]
[White "Hemstapat, Andrew"]
[Black "Gu, Chuyang"]
[Result "1-0"]
[WhiteElo "2020"]
[BlackElo "1751"]
[PlyCount "63"]
[EventDate "2016.11.11"]
[EventType "swiss"]
[EventRounds "5"]
[EventCountry "CAN"]

1. e4 c5 2. Nf3 d6 3. d4 cxd4 4. Nxd4 Nf6 5. Nc3 g6 6. Be3 Bg7 7. f3 O-O 8. Bc4
Nc6 9. Qd2 Bd7 10. Bb3 Rc8 11. g4 Ne5 12. h4 Nc4 13. Bxc4 Rxc4 14. h5 Qa5 15.
Nde2 Be6 16. hxg6 fxg6 17. Bh6 Bxh6 18. Qxh6 Rf7 19. Nf4 Rxc3 20. O-O-O Rxf3
21. Nxe6 Nxe4 22. Kb1 Qe5 23. Nd8 Rg7 24. Rdf1 Qd5 25. Rxf3 Nd2+ 26. Qxd2 Qxd2
27. Rhf1 h5 28. Rf8+ Kh7 29. g5 Qxg5 30. Nf7 Rxf7 31. R1xf7+ Kh6 32. Rh8# 1-0

[Event "British Columbia-ch U20"]
[Site "Richmond CAN"]
[Date "2016.11.11"]
[Round "1.4"]
[White "Chung, Alec"]
[Black "Huang, Patrick"]
[Result "1-0"]
[WhiteElo "1702"]
[BlackElo "1977"]
[PlyCount "91"]
[EventDate "2016.11.11"]
[EventType "swiss"]
[EventRounds "5"]
[EventCountry "CAN"]

1. c4 c5 2. Nc3 Nc6 3. g3 g6 4. Bg2 Bg7 5. e4 e5 6. Nge2 Nge7 7. d3 O-O 8. h3
d6 9. Be3 Be6 10. O-O Qd7 11. Kh2 f5 12. Rb1 Nd4 13. f4 fxe4 14. Nxe4 Nef5 15.
Bg1 Nxe2 16. Qxe2 exf4 17. gxf4 Nd4 18. Bxd4 Bxd4 19. Ng5 Bf5 20. Rbe1 Rae8 21.
Ne4 Qg7 22. Qf3 Bxe4 23. Rxe4 Bxb2 24. Rfe1 Be5 25. Qg3 Bxf4 26. Rxf4 Rxe1 27.
Rxf8+ Qxf8 28. Qxe1 b6 29. Qe4 Kg7 30. Qf3 Qxf3 31. Bxf3 Kf6 32. Kg3 Ke5 33.
Kg4 Kd4 34. Be4 Kc3 35. Kg5 Kb2 36. a4 Kb3 37. h4 Kxa4 38. Bxg6 hxg6 39. Kxg6
Kb3 40. h5 a5 41. h6 a4 42. h7 a3 43. h8=Q Ka2 44. Qc3 d5 45. Qc2+ Ka1 46. cxd5
1-0

[Event "British Columbia-ch U20"]
[Site "Richmond CAN"]
[Date "2016.11.11"]
[Round "1.5"]
[White "Su, Michael"]
[Black "Leong, Ryan"]
[Result "1-0"]
[WhiteElo "1972"]
[BlackElo "1615"]
[PlyCount "83"]
[EventDate "2016.11.11"]
[EventType "swiss"]
[EventRounds "5"]
[EventCountry "CAN"]

1. d4 Nf6 2. c4 g6 3. Nc3 Bg7 4. e4 d6 5. f3 O-O 6. Be3 c5 7. Nge2 Nc6 8. d5
Ne5 9. Ng3 h5 10. Be2 h4 11. Nf1 e6 12. Nd2 exd5 13. cxd5 a6 14. a4 Rb8 15. O-O
Bd7 16. h3 b5 17. f4 Nc4 18. Bxc4 bxc4 19. Nxc4 Qe7 20. e5 dxe5 21. fxe5 Nh5
22. Ne4 Rfc8 23. Bxc5 Rxc5 24. d6 Qe6 25. Nxc5 Qxc4 26. Nxd7 Rxb2 27. Rc1 Qa2
28. Qg4 Ng3 29. Rc8+ Bf8 30. Rxf8+ Kg7 31. R1xf7+ Qxf7 32. Rxf7+ Kxf7 33. e6+
Kg7 34. Qd4+ Kh6 35. Qxb2 a5 36. Qf6 Ne4 37. Qxh4+ Kg7 38. Qxe4 g5 39. Qf5 g4
40. Qf6+ Kh7 41. Nf8+ Kg8 42. Qf7+ 1-0

[Event "British Columbia-ch U20"]
[Site "Richmond CAN"]
[Date "2016.11.11"]
[Round "1.6"]
[White "Wan, Justin"]
[Black "Doknjas, Neil"]
[Result "0-1"]
[WhiteElo "1546"]
[BlackElo "1862"]
[PlyCount "114"]
[EventDate "2016.11.11"]
[EventType "swiss"]
[EventRounds "5"]
[EventCountry "CAN"]

1. e4 c5 2. Nf3 d6 3. Bb5+ Bd7 4. Bxd7+ Qxd7 5. O-O Nc6 6. Nc3 Nf6 7. Re1 e6 8.
d3 Be7 9. Be3 O-O 10. Qe2 d5 11. exd5 exd5 12. Bf4 d4 13. Ne4 Nd5 14. Bg5 f6
15. Bd2 Rae8 16. Qd1 f5 17. Ng3 b5 18. c3 Bf6 19. Qb3 a6 20. c4 bxc4 21. Qxc4
Rb8 22. Qxc5 Rxb2 23. Nxf5 Rb5 24. Qc4 Rc8 25. Ng3 Ncb4 26. Qb3 Nc2 27. Qa4
Nxa1 28. Qxa6 Rb6 29. Qa5 Nc2 30. Rc1 Bd8 31. Ne5 Rd6 32. Nxd7 Bxa5 33. Bxa5
Rxd7 34. Nf5 Ra8 35. Rxc2 Rxa5 36. h3 Nb4 37. Rc8+ Kf7 38. Ng3 Rxa2 39. Rc5
Nxd3 40. Rh5 Nb4 41. Rxh7 d3 42. Ne4 Kg8 43. Nf6+ Kf7 44. Ne4 d2 45. Nxd2 Rdxd2
46. Rh4 Nd5 47. Rh5 Nf6 48. Rf5 Kg6 49. g4 Ne4 50. h4 Rxf2 51. Rxf2 Rxf2 52.
Kh1 Kf6 53. Kg1 Ke5 54. h5 Kf4 55. Kh1 Ng3+ 56. Kg1 Kf3 57. h6 Rg2# 0-1

[Event "British Columbia-ch U20"]
[Site "Richmond CAN"]
[Date "2016.11.11"]
[Round "1.7"]
[White "Zhu, Brandon"]
[Black "Wu, Lucian"]
[Result "0-1"]
[WhiteElo "1849"]
[BlackElo "1497"]
[PlyCount "74"]
[EventDate "2016.11.11"]
[EventType "swiss"]
[EventRounds "5"]
[EventCountry "CAN"]

1. d4 Nf6 2. c4 g6 3. Nc3 Bg7 4. e4 d6 5. f3 O-O 6. Be3 Nc6 7. Nge2 a6 8. Qd2
Rb8 9. Rc1 Bd7 10. g4 b5 11. Ng3 b4 12. Nd1 Ne8 13. h4 e5 14. d5 Nd4 15. Be2 b3
16. a3 Nc2+ 17. Kf2 Nxe3 18. Nxe3 Bh6 19. h5 Bf4 20. Rh3 Nf6 21. Rch1 Bxg4 22.
Rh4 Bxh5 23. Qe1 c6 24. Qg1 Kh8 25. Nef5 Rg8 26. Qd1 Qb6+ 27. Kf1 cxd5 28. exd5
gxf5 29. Nxh5 Nxh5 30. Rxh5 Rg7 31. Bd3 Rbg8 32. Ke1 Rg1+ 33. Bf1 Qe3+ 34. Qe2
Qc1+ 35. Kf2 Rxh1 36. Rxh1 Bg3+ 37. Kg1 Bh4+ 0-1

[Event "British Columbia-ch U20"]
[Site "Richmond CAN"]
[Date "2016.11.12"]
[Round "2.1"]
[White "Chung, Alec"]
[Black "Doknjas, John"]
[Result "0-1"]
[WhiteElo "1702"]
[BlackElo "2282"]
[PlyCount "66"]
[EventDate "2016.11.11"]
[EventType "swiss"]
[EventRounds "5"]
[EventCountry "CAN"]

1. c4 c5 2. Nc3 Nc6 3. g3 g6 4. Bg2 Bg7 5. e4 e6 6. Nge2 Nge7 7. d3 O-O 8. Be3
Nd4 9. Rb1 a6 10. a4 Nec6 11. O-O d6 12. f4 Rb8 13. h3 Bd7 14. Kh2 f5 15. Ng1
b5 16. axb5 axb5 17. cxb5 Nxb5 18. exf5 gxf5 19. Qa4 Nb4 20. Qb3 Qc7 21. Nf3
Nxc3 22. bxc3 Nd5 23. Qa2 Nxe3 24. Rfe1 Nxg2 25. Kxg2 Rxb1 26. Rxb1 Rb8 27. Re1
Qb7 28. Re2 Bxc3 29. Kf2 Bd4+ 30. Nxd4 cxd4 31. Qa3 Qh1 32. Qxd6 Rb1 33. g4
Qh2+ 0-1

[Event "British Columbia-ch U20"]
[Site "Richmond CAN"]
[Date "2016.11.12"]
[Round "2.2"]
[White "Wu, Lucian"]
[Black "Hemstapat, Andrew"]
[Result "1-0"]
[WhiteElo "1497"]
[BlackElo "2020"]
[PlyCount "127"]
[EventDate "2016.11.11"]
[EventType "swiss"]
[EventRounds "5"]
[EventCountry "CAN"]

1. d4 Nf6 2. c4 g6 3. Nc3 Bg7 4. e4 d6 5. Nf3 O-O 6. Be2 e5 7. O-O Nc6 8. d5
Ne7 9. Ne1 Nd7 10. Be3 f5 11. f3 f4 12. Bf2 g5 13. Nd3 Nf6 14. c5 Ng6 15. cxd6
cxd6 16. Rc1 Rf7 17. Qb3 Bf8 18. Nb5 g4 19. Nxa7 Bd7 20. Bb6 Qe7 21. Rc7 Nh4
22. Nb4 Rg7 23. Rxb7 Nxg2 24. Kf2 Nxe4+ 25. fxe4 Qh4+ 26. Kxg2 f3+ 27. Bxf3
gxf3+ 28. Kh1 Rg2 29. Bg1 Bg4 30. Nc2 Re2 31. Ne3 Bh5 32. Rc7 f2 33. Ng2
fxg1=R+ 34. Rxg1 Qxe4 35. Rc4 Qf3 36. Rc3 Qf2 37. Nf4+ Kh8 38. Nxe2 Bxe2 39.
Rcg3 Bh6 40. Nc6 Bf4 41. R1g2 Qe1+ 42. Rg1 Qd2 43. R3g2 Re8 44. Ne7 h5 45. Ng6+
Kg7 46. Nxf4+ Kf6 47. Nxh5+ Kf5 48. Rf2+ Ke4 49. Ng3+ Kd4 50. Nxe2+ Kc5 51.
Rc1+ Qxc1+ 52. Nxc1 e4 53. Rc2+ Kd4 54. Qc3+ Kxd5 55. Qc4+ Ke5 56. Ne2 d5 57.
Qd4+ Kf5 58. Qxd5+ Re5 59. Nd4+ Kf4 60. Rf2+ Ke3 61. Qxe5 Kxf2 62. Qg3+ Kf1 63.
Qg2+ Ke1 64. Qe2# 1-0

[Event "British Columbia-ch U20"]
[Site "Richmond CAN"]
[Date "2016.11.12"]
[Round "2.3"]
[White "Tian, Sherry"]
[Black "Su, Michael"]
[Result "1/2-1/2"]
[WhiteElo "1494"]
[BlackElo "1972"]
[PlyCount "112"]
[EventDate "2016.11.11"]
[EventType "swiss"]
[EventRounds "5"]
[EventCountry "CAN"]

1. d4 e6 2. Nf3 f5 3. c4 Nf6 4. e3 b6 5. Bd3 Bb7 6. Nc3 Bb4 7. Bd2 O-O 8. O-O
Qe7 9. Re1 Ne4 10. Rc1 Bxc3 11. Bxc3 d6 12. Qe2 Nd7 13. Nd2 Nxc3 14. Rxc3 e5
15. d5 a5 16. e4 f4 17. Bc2 Nf6 18. Nf3 Bc8 19. Ng5 h6 20. Ne6 Bxe6 21. dxe6
Qxe6 22. c5 Kh8 23. Bb3 Qd7 24. cxb6 cxb6 25. Rd1 Rfd8 26. f3 Rac8 27. Rcd3 Qe7
28. Ba4 d5 29. exd5 b5 30. d6 Qa7+ 31. Kh1 bxa4 32. Qxe5 Qd7 33. Qxf4 Re8 34.
Qd2 Re5 35. Re3 Rd5 36. Rd3 Rcc5 37. Qf4 Rxd3 38. Rxd3 Rd5 39. Rxd5 Nxd5 40.
Qe5 Nf6 41. Qxa5 Ne8 42. h3 Nxd6 43. b3 axb3 44. axb3 Nf5 45. Qb4 Kh7 46. Qf4
g5 47. Qe5 Ng7 48. b4 Qb7 49. b5 Qb6 50. Qe4+ Kg8 51. Qa8+ Kf7 52. Qd5+ Ne6 53.
Qf5+ Ke7 54. Qh7+ Kd6 55. Qxh6 Qxb5 56. h4 gxh4 1/2-1/2

[Event "British Columbia-ch U20"]
[Site "Richmond CAN"]
[Date "2016.11.12"]
[Round "2.4"]
[White "Doknjas, Joshua"]
[Black "Pulfer, Luke"]
[Result "1-0"]
[WhiteElo "2236"]
[BlackElo "2047"]
[PlyCount "107"]
[EventDate "2016.11.11"]
[EventType "swiss"]
[EventRounds "5"]
[EventCountry "CAN"]

1. e4 e5 2. Nf3 Nc6 3. Bc4 Nf6 4. d3 Be7 5. O-O O-O 6. Re1 d6 7. a4 Bg4 8. h3
Bh5 9. c3 Qd7 10. Nbd2 d5 11. exd5 Nxd5 12. Nxe5 Nxe5 13. Qxh5 Nxc4 14. Nxc4
Bf6 15. Qf3 Rfe8 16. Bd2 c6 17. Qg3 Rad8 18. d4 Rxe1+ 19. Bxe1 Qe6 20. Qg4 Nc7
21. Ne3 h6 22. Qg3 Nd5 23. Bd2 Bg5 24. Re1 Nxe3 25. Bxe3 Bxe3 26. Qxe3 Qb3 27.
Qe7 Rf8 28. Qb4 Qxb4 29. cxb4 Rb8 30. Re7 g6 31. Kf1 Kg7 32. Ke2 Kf6 33. Re5
Rd8 34. Kd3 Rd7 35. f4 h5 36. g4 hxg4 37. hxg4 Kg7 38. Kc4 f6 39. Re2 Kf7 40.
b5 cxb5+ 41. axb5 b6 42. d5 Rd6 43. Kd4 Rd7 44. b4 Rd6 45. f5 g5 46. Re6 Rd8
47. d6 Re8 48. Kd5 Rd8 49. Re7+ Kf8 50. Ke6 Kg8 51. Rxa7 Kf8 52. Re7 Kg8 53. d7
Kf8 54. Kxf6 1-0